15 największych miast w woj. opolskim - Statystyki

Ogólne statystyki
  • Ten quiz został rozwiązany 61 razy
  • Średni wynik to 10 z 15
Statystyki odpowiedzi
Hint Odpowiedź % Poprawnych
128 012 Opole
100%
43 580 Nysa
96%
60 383 Kędzierzyn-Koźle
89%
23 396 Kluczbork
88%
35 491 Brzeg
84%
20 887 Prudnik
82%
16 105 Krapkowice
80%
12 468 Głubczyce
79%
16 650 Namysłów
77%
17 766 Strzelce Opolskie
70%
13 435 Głuchołazy
55%
8524 Ozimek
36%
11 370 Zdzieszowice
34%
8520 Grodków
23%
9374 Olesko
9%
Nie znaleziono quizów pasujących do podanych kryteriów
Rozkład punktacji
Procent ludzi z każdym wynikiem
Percentyl według liczby udzielonych odpowiedzi
Twoja historia wyników
Nie rozwiązałeś tego quizu